| 000 | 00745nam a22002537a 4500 | ||
|---|---|---|---|
| 001 | 9325 | ||
| 003 | FISKH | ||
| 005 | 20251211081827.0 | ||
| 008 | 251211b cb ||||| |||| 00| 0 eng d | ||
| 020 | _a9780545342339 | ||
| 040 |
_aFISKH _beng _cFISKH _dFISKH |
||
| 050 | _aPZ7 | ||
| 082 | _a416 | ||
| 100 |
_aRanberg, Chuck _eAuthor |
||
| 245 |
_aHappy burger / _cA play by Chuck Ranberg and Patrick Daley |
||
| 260 |
_aNew York : _bScholastic Inc. , _c1991 |
||
| 300 |
_a22 pages : _billustrations ; _c21 cm |
||
| 505 | _aNP | ||
| 520 | _aScott needs money in order to take a girl out on a date, so he finds a job at a fast food restaurant. | ||
| 521 | 8 |
_aNP
_bLexile |
|
| 650 |
_aPlay _vWorking |
||
| 942 |
_2ddc _cBK _n0 |
||
| 999 |
_c9325 _d9325 |
||